La Lirosofía: un ensayo de porvenir

Sparad:
Bibliografiska uppgifter
Huvudupphovsman: Epstein, Jean (Författare, medförfattare)
Materialtyp: Bok
Språk:spanska
Publicerad: Buenos Aires Cactus 2019
Upplaga:1a. ed
Serie:Perenne
Ämnen:
Taggar: Lägg till en tagg
Inga taggar, Lägg till första taggen!

MARC

LEADER 00000cam a2200000 a 4500
001 UCB0260
003 CL-VaPUC
005 20210819124644.0
008 191220e20190000ag spa d
999 |c 375915  |d 375913 
020 |a 9789873831423 
040 |c Pontificia Universidad Católica de Valparaíso 
082 0 4 |a 791.43 EPS 2019  |2 21 
100 1 |a Epstein, Jean  |e author  |9 266431 
245 1 3 |a La Lirosofía: un ensayo de porvenir 
250 |a 1a. ed 
260 |a Buenos Aires  |b Cactus  |c 2019 
300 |a 128 p 
490 0 |a Perenne 
583 |a last modification  |c 20191220 13:26:00  |k cmena 
650 0 0 |a Epistemología   |9 264994 
650 0 0 |a Filosofía del arte  |9 264951 
650 0 0 |a Ensayos franceses  |9 265511 
942 |c BK  |2 ddc 
945 |a dcastane  |d 20191220 13:26:00 
952 |0 0  |1 0  |2 ddc  |4 0  |6 791_430000000000000_EPS_2019  |7 0  |9 495021  |a BIBART  |b BIBART  |d 2019-12-13  |e 4  |g 13000.00  |i 556820K  |o 791.43 EPS 2019  |p 556820K  |r 2025-03-13  |t 1  |v 13000.00  |w 2019-12-13  |y BK